000 00301nam a2200121Ia 4500
008 150201s2010 xx 000 0 und d
082 _a616.0757
_bM10W
100 _aWHO
245 _aMANUAL OF RADIOGRAPHIC TECHNIQUE
260 _bAITBS
_aDELHI
_c2010
650 _aRADIOLOGY & DIAGNOSIS
942 _2ddc
_cBK
999 _c861
_d861